000 01050cam a2200265 i 4500
003 SA-RiAUC
005 20241203062716.0
008 241102s1989 ku g 00000 ara c
040 _aSA-RiAUC
_bara
_cSA-RiAUC
_erda
050 4 _b.Q27 1989
082 0 4 _a251.15
090 _a251.15
_bق ر ض
100 1 _aالقرضاوي، يوسف،
_d1926-2022
_eمؤلف.
245 1 2 _aالاجتهاد في الشريعة الإسلامية مع نظرات تحليلية في الاجتهاد المعاصر /
_cيوسف القرضاوي.
250 _aالطبعة الثانية، منقحة.
264 1 _aالكويت :
_bدار القلم للنشر والتوزيع،
_c1989
300 _a215 صفحة ؛
_c24سم
336 _aنص
_btxt
_2rdacontent
_3كتاب
337 _aبدون وسيط
_bn
_2rdamedia
338 _aمجلد
_bnc
_2rdacarrier
650 7 _aالاجتهاد (أصول فقه)
_2aucsh
650 7 _aأصول الفقه الإسلامي
_2aucsh
942 _2ddc
_cBOOK
_n0
949 _aSA-JeALM
_d241102
_umohamedma123
_n1
999 _c2967
_d2967